000 00763nam a2200253Ia 4500
003 OSt
005 20220927110345.0
006 a|||||r|||| 00| 0
007 ta
008 220926b |||||||| |||| 00| 0 eng d
024 _a63967
037 _cReports
040 _aRTL
_cRTL
_beng
041 _2eng
_aeng
082 _a"X413:9t2:N44t, H6.1/GD"
110 _a"INDIA, LABOUR INVESTIGATION COMMITTEE."
_9376551
245 0 _aReport on labour conditions in tram and bus services by Ahmad Mukhtar
260 _c1947
300 _a124p
_ccm.
650 _aRoad Transport Economics
700 _a"INDIA, LABOUR INVESTIGATION COMMITTEE."
_9376552
942 _h"X413:9t2:N44t, H6.1/GD"
_cCC
999 _c695754
_d695754